000 00684na a2200253 4500
001 20139
003 MIRAKIL
005 20181213155127.0
008 170104b tu 000 0
020 _a9759297795
040 _aMilas
_btur
_cTR-AnCHP
041 _atur
082 _a337.142
_bA86 2003
090 _a337.142 A86 2003
245 _aAvrupa Birliği'ne doğru
_cTURKAB
260 _aİstanbul
_bTURKAB
_c2003
300 _a216 s.
_bfotğ.
_c30 sm.
440 _aTURKAB Yayınları
490 _aAB Bilinci Serisi
_v3
650 _aAvrupa Birliği zirvesi
650 _aAvrupa Birliği
_xTanıtım
710 _aAB-Türkiye İşbirliği Derneği
942 _2dcc
_cBKS
999 _c7067
_d7067